| 000 | 01029cam a22003497a 4500 | ||
|---|---|---|---|
| 001 | 17231196 | ||
| 003 | NUST | ||
| 005 | 20221027163024.0 | ||
| 008 | 110812s2011 ii g 000 f eng d | ||
| 010 | _a 2011351267 | ||
| 020 | _a9789350290460 | ||
| 020 | _a9350290464 | ||
| 025 | _aI-E-2011-351267; 26-91 | ||
| 035 | _a(OCoLC)ocn750364704 | ||
| 035 | _a(OCoLC)750364704 | ||
| 037 | _aLibrary of Congress -- New Delhi Overseas Office | ||
| 040 |
_aDKAGE _beng _cDKAGE _dDLC |
||
| 042 |
_alccopycat _alcode |
||
| 050 | 0 | 0 |
_aMLCS 2011/01985 (P) _aPR9499.4.T44 |
| 082 | 0 | 4 |
_a823.92 _bTEJ |
| 100 | 1 |
_aTejpal, Tarun J. _981677 |
|
| 245 | 1 | 4 |
_aThe valley of masks / _cTarun J. Tejpal. |
| 260 |
_aNew Delhi : _bFourth Estate, _c2011. |
||
| 300 |
_a330 p. ; _c23 cm. |
||
| 500 | _aNovel. | ||
| 650 |
_aAssassins _922539 |
||
| 650 |
_aConformity _9101568 |
||
| 650 |
_aDystopias _9101569 |
||
| 906 |
_a7 _bcbc _ccopycat _d4 _encip _f20 _gy-gencatlg |
||
| 942 |
_2ddc _cBK |
||
| 999 |
_c592065 _d592065 |
||